[Event "Rewal 2011 - Open A"]
[Site "Rewal"]
[Date "2011.08.19"]
[Round "1.34"]
[White "Guzik, Jolanta"]
[Black "Mlodzinska, Irena"]
[Result "1-0"]
[WhiteElo "2150"]
[BlackElo "1926"]
[EventDate "2011.??.??"]
[PlyCount "85"]

1.c4 Nf6 2.Nc3 c5 3.g3 g6 4.Bg2 Bg7 5.a3 Nc6 6.d3 O-O 7.Rb1 a6 8.e4 d6 9.
Nge2 Bd7 10.O-O Rb8 11.h3 b5 12.cxb5 axb5 13.b4 Nd4 14.f4 Qc8 15.Kh2 Nxe2 
16.Nxe2 Bc6 17.Be3 cxb4 18.axb4 Ra8 19.Nd4 e5 20.Nxc6 Qxc6 21.Qb3 Ra4 22.
fxe5 dxe5 23.Rbc1 Qa6 24.Rc3 Ra2 25.Bc5 Re8 26.Be3 Qa4 27.Qb1 Ra3 28.Qc1 
Rxc3 29.Qxc3 Qa6 30.Rc1 Qd6 31.Bc5 Qd7 32.Ra1 Nh5 33.Ra7 Qe6 34.Bf3 Nf6 
35.Qa3 h5 36.Bd1 h4 37.Bb3 hxg3+ 38.Kg2 Qc6 39.Bxf7+ Kh8 40.Bxe8 Nxe8 41.
Qa6 Qxa6 42.Rxa6 Nc7 43.Rc6 1-0

[Event "Rewal 2011 - Open A"]
[Site "Rewal"]
[Date "2011.08.19"]
[Round "1.35"]
[White "Koitka, Jakub"]
[Black "Mitura, Vaclav"]
[Result "0-1"]
[WhiteElo "1917"]
[BlackElo "2150"]
[EventDate "2011.??.??"]
[PlyCount "136"]

1.e4 c6 2.d4 d5 3.exd5 cxd5 4.Bd3 Nc6 5.c3 Nf6 6.Bf4 Bg4 7.Qb3 Qc8 8.Nd2 
e6 9.Ngf3 Be7 10.O-O Bh5 11.Ne5 O-O 12.Ndf3 Nxe5 13.Nxe5 Nd7 14.Qc2 Bg6 
15.Rad1 Nxe5 16.Bxe5 b5 17.Rfe1 b4 18.Qd2 bxc3 19.bxc3 Qc6 20.Rb1 Rac8 21.
Rb3 a5 22.Bb5 Qa8 23.a4 Rfd8 24.Qe2 Bd6 25.Bxd6 Rxd6 26.h4 h5 27.Qd2 Rc7 
28.Qf4 Qd8 29.g3 Rb6 30.Re3 Bc2 31.Ra3 Qd6 32.Qxd6 Rxd6 33.Kf1 Rb6 34.Ke1 
Bg6 35.Kd2 Kf8 36.Re1 Bf5 37.Raa1 Ke7 38.Re3 Kd6 39.Rae1 Rb8 40.Rc1 Bg6 
41.Rce1 Ra8 42.R1e2 Re7 43.Re1 Rb8 44.Rc1 Rc8 45.Rce1 f6 46.f3 Be8 47.Bxe8
Rexe8 48.Rb1 Rb8 49.Ree1 e5 50.Kd3 exd4 51.Rxe8 Rxb1 52.Rd8+ Ke6 53.Kxd4 
Rd1+ 54.Kc5 Rd3 55.Re8+ Kf7 56.Ra8 Rxc3+ 57.Kxd5 Rxf3 58.Ke4 Rxg3 59.Rxa5 
Rg4+ 60.Kf3 Rxh4 61.Kg3 g5 62.Ra7+ Kg6 63.Ra5 Rb4 64.Ra6 Rb3+ 65.Kg2 g4 
66.Ra5 h4 67.Ra8 Rb2+ 68.Kg1 Kg5 0-1

[Event "Rewal 2011 - Open A"]
[Site "Rewal"]
[Date "2011.08.19"]
[Round "1.36"]
[White "Siwiec, Arkadiusz"]
[Black "Bes, Michal"]
[Result "1-0"]
[WhiteElo "2144"]
[BlackElo "1906"]
[EventDate "2011.??.??"]
[PlyCount "77"]

1.e4 e5 2.Nf3 Nf6 3.Nxe5 d6 4.Nf3 Nxe4 5.d4 d5 6.Bd3 Bd6 7.O-O O-O 8.c4 c6
9.Nc3 Nxc3 10.bxc3 Bg4 11.h3 Bh5 12.Re1 Re8 13.Rxe8+ Qxe8 14.Be3 dxc4 15.
Bxh7+ Kxh7 16.Ng5+ Kg6 17.g4 f5 18.gxh5+ Kf6 19.Qf3 g6 20.hxg6 Qxg6 21.Kh1
Nd7 22.Ne4+ Ke7 23.Bg5+ Ke6 24.Nxd6 Kxd6 25.Qf4+ Kd5 26.Re1 Re8 27.Qf3+ 
Re4 28.Rg1 Ke6 29.Bf4 Qh7 30.Bh2 Nf6 31.Rg5 Rh4 32.Qe2+ Ne4 33.f3 Kf6 34.
Rg1 Qh5 35.Rg2 Ng5 36.Qe5+ Kg6 37.Qe6+ Kh7 38.Qxf5+ Kh6 39.Qf6+ 1-0

[Event "Rewal 2011 - Open A"]
[Site "Rewal"]
[Date "2011.08.19"]
[Round "1.37"]
[White "Paszewski, Mateusz"]
[Black "Kielar, Maciej"]
[Result "0-1"]
[WhiteElo "1905"]
[BlackElo "2138"]
[EventDate "2011.??.??"]
[PlyCount "66"]

1.e4 c5 2.Nf3 g6 3.d4 cxd4 4.Nxd4 Bg7 5.Nc3 Nc6 6.Nde2 Nf6 7.g3 O-O 8.Bg2 
d6 9.O-O Be6 10.Bg5 Qa5 11.Qd2 Rfd8 12.Rad1 Bc4 13.Rfe1 Rac8 14.a3 a6 15.
h3 b5 16.Be3 Bxe2 17.Qxe2 e6 18.Nb1 Ne5 19.Nd2 Rxc2 20.Bd4 Qc7 21.Bc3 Nc4 
22.Qd3 Rxb2 23.Bxb2 Nxb2 24.Qb3 Nxd1 25.Rxd1 Nd7 26.h4 Nb6 27.h5 Qc3 28.
Qa2 Qb2 29.Qxb2 Bxb2 30.hxg6 hxg6 31.Nb1 Nc4 32.a4 bxa4 33.Bf1 Rc8 0-1

[Event "Rewal 2011 - Open A"]
[Site "Rewal"]
[Date "2011.08.19"]
[Round "1.38"]
[White "Janus, Przemyslaw"]
[Black "Boruta, Dawid"]
[Result "1-0"]
[WhiteElo "2134"]
[BlackElo "1874"]
[EventDate "2011.??.??"]
[PlyCount "79"]

1.d4 Nf6 2.c4 g6 3.Nc3 Bg7 4.e4 d6 5.f3 O-O 6.Bg5 Nc6 7.Qd2 a6 8.Nge2 Rb8 
9.a4 Nb4 10.Nd5 Nfxd5 11.cxd5 c5 12.dxc5 dxc5 13.Nc3 Kh8 14.Bf4 Ra8 15.Bc4
Bd4 16.Ne2 Bg7 17.O-O Bd7 18.Rfd1 b5 19.Bb3 a5 20.axb5 Bxb5 21.Nc3 Ba6 22.
Be3 Nd3 23.Rab1 Qc7 24.Bc2 Ne5 25.Bf4 Qa7 26.Na4 Nc4 27.Qc1 Bb5 28.Kh1 Bd4
29.Bb3 Nd6 30.Nc3 Qd7 31.e5 Nb7 32.e6 fxe6 33.dxe6 Qe8 34.Rxd4 cxd4 35.
Be5+ Rf6 36.Nd5 Qd8 37.Qf4 Kg7 38.Rc1 Rc8 39.Rxc8 Qxc8 40.Nxf6 1-0

[Event "Rewal 2011 - Open A"]
[Site "Rewal"]
[Date "2011.08.19"]
[Round "1.40"]
[White "Licznerski, Lukasz"]
[Black "Jarus, Grzegorz"]
[Result "1-0"]
[WhiteElo "2122"]
[BlackElo "1858"]
[EventDate "2011.??.??"]
[PlyCount "57"]

1.e4 Nf6 2.e5 Nd5 3.d4 d6 4.Nf3 e6 5.c3 Be7 6.Bd3 c5 7.dxc5 dxc5 8.Qe2 Nc6
9.h4 a6 10.Be4 Qc7 11.Bg5 h6 12.Bxe7 Ndxe7 13.Bc2 b5 14.a4 b4 15.Nbd2 bxc3
16.bxc3 Nd5 17.O-O g5 18.Nc4 g4 19.Nfd2 Nxc3 20.Qxg4 Kf8 21.Rfe1 Nd4 22.
Be4 Rb8 23.Ra3 Nxe4 24.Nxe4 Nc2 25.Rg3 Nxe1 26.Qg7+ Ke7 27.Qxh8 Rb1 28.Kh2
Kd7 29.Ned6 1-0

[Event "Rewal 2011 - Open A"]
[Site "Rewal"]
[Date "2011.08.20"]
[Round "2.1"]
[White "Cyborowski, Lukasz"]
[Black "Kaminski, Piotr"]
[Result "1-0"]
[WhiteElo "2537"]
[BlackElo "2158"]
[EventDate "2011.??.??"]
[PlyCount "41"]

1.d4 d6 2.e4 c6 3.Nc3 Nd7 4.Nf3 e5 5.Bc4 h6 6.a4 Be7 7.O-O Ngf6 8.Qe2 O-O 
9.Rd1 Qc7 10.Ba2 Kh7 11.Be3 g6 12.h3 Ng8 13.Qc4 Qb8 14.a5 f5 15.dxe5 Nxe5 
16.Nxe5 dxe5 17.a6 f4 18.Bc5 b6 19.Bxe7 Nxe7 20.Rd8 Rf6 21.Re8 1-0

[Event "Rewal 2011 - Open A"]
[Site "Rewal"]
[Date "2011.08.20"]
[Round "2.2"]
[White "Szmyd, Arkadiusz"]
[Black "Koziak, Vitali"]
[Result "0-1"]
[WhiteElo "2155"]
[BlackElo "2484"]
[EventDate "2011.??.??"]
[PlyCount "58"]

1.e4 e5 2.Nf3 Nc6 3.Bc4 Nf6 4.d3 h6 5.O-O d6 6.c3 g6 7.Qe2 Bg7 8.Rd1 O-O 
9.b4 Nh5 10.a4 a6 11.Ra3 Qf6 12.Ne1 Nf4 13.Bxf4 Qxf4 14.g3 Qg5 15.Ng2 Bh3 
16.Ne3 Kh8 17.Nd5 Qd8 18.Nd2 f5 19.Rda1 f4 20.Nb3 f3 21.Qa2 Qd7 22.b5 Nd8 
23.bxa6 bxa6 24.a5 h5 25.Qd2 Nf7 26.Ne3 h4 27.R3a2 Ng5 28.Nf5 Rxf5 29.exf5
Qxf5 0-1

[Event "Rewal 2011 - Open A"]
[Site "Rewal"]
[Date "2011.08.20"]
[Round "2.6"]
[White "Mitura, Vaclav"]
[Black "Klim, Kamil"]
[Result "1-0"]
[WhiteElo "2150"]
[BlackElo "2328"]
[EventDate "2011.??.??"]
[PlyCount "147"]

1.d4 Nf6 2.c4 g6 3.Nc3 d5 4.Nf3 Bg7 5.Bg5 Ne4 6.cxd5 Nxg5 7.Nxg5 e6 8.Nf3 
exd5 9.e3 O-O 10.Be2 c6 11.O-O Qd6 12.a3 a5 13.Ne1 Be6 14.Nd3 Nd7 15.Na4 
Bf6 16.Qd2 Bd8 17.Nac5 Nxc5 18.Nxc5 Bc8 19.Rac1 h5 20.Rfd1 h4 21.e4 Re8 
22.Bf3 b6 23.e5 Qe7 24.Nd3 Bb7 25.Bg4 Bc7 26.f4 f5 27.Be2 Rec8 28.Ne1 Bd8 
29.Nf3 Qe6 30.Qe1 c5 31.Nxh4 c4 32.Rc3 Kf7 33.Rh3 Ke7 34.Qg3 Kd7 35.Nxg6 
Kc6 36.Bxc4 Kc7 37.Be2 Kb8 38.Nh4 Bxh4 39.Rxh4 Ka7 40.Bd3 Rg8 41.Qf2 Rg7 
42.Rh5 Rf8 43.Rc1 Rc8 44.Rxc8 Qxc8 45.h3 Qc1+ 46.Kh2 Qd1 47.Qe2 Qc1 48.
Rxf5 Bc8 49.Rf6 Bxh3 50.Bg6 Bd7 51.e6 Ba4 52.Qe5 Rg8 53.Rf7+ Ka6 54.Bd3+ 
Bb5 55.Bxb5+ Kxb5 56.Qxd5+ Ka6 57.Qb7+ Kb5 58.Qd7+ Ka6 59.Qa7+ Kb5 60.Rf5+
Ka4 61.Qd7+ Kb3 62.Qd5+ Kxb2 63.Qb5+ Ka1 64.Qe5 Qc2 65.d5+ Ka2 66.Rg5 Qh7+
67.Kg1 Qb1+ 68.Kf2 Rc8 69.Kg3 Qg1 70.e7 Rc2 71.Qe4 Rc3+ 72.Kg4 Qd1+ 73.Kf5
Rc5 74.e8=Q 1-0

[Event "Rewal 2011 - Open A"]
[Site "Rewal"]
[Date "2011.08.20"]
[Round "2.8"]
[White "Bebel, Arkadiusz"]
[Black "Siwiec, Arkadiusz"]
[Result "1-0"]
[WhiteElo "2309"]
[BlackElo "2144"]
[EventDate "2011.??.??"]
[PlyCount "61"]

1.e4 c5 2.c3 d5 3.exd5 Qxd5 4.d4 Nf6 5.Nf3 Bg4 6.dxc5 Qxd1+ 7.Kxd1 e5 8.b4
e4 9.h3 exf3 10.hxg4 Nxg4 11.Ke1 Ne5 12.gxf3 Nxf3+ 13.Ke2 Ne5 14.Bf4 Ng6 
15.Bg3 f5 16.Bg2 Nc6 17.Nd2 Be7 18.Nc4 f4 19.Bh2 O-O 20.Bd5+ Kh8 21.f3 Bf6
22.Rac1 a5 23.b5 Nce5 24.Nd6 Rad8 25.Bxb7 Be7 26.Rhd1 Nh4 27.Be4 g5 28.Bg1
g4 29.Bd4 Nxf3 30.Bxf3 gxf3+ 31.Kf1 1-0

[Event "Rewal 2011 - Open A"]
[Site "Rewal"]
[Date "2011.08.20"]
[Round "2.9"]
[White "Kielar, Maciej"]
[Black "Ziaziulkina, Nastassia"]
[Result "0-1"]
[WhiteElo "2138"]
[BlackElo "2291"]
[EventDate "2011.??.??"]
[PlyCount "60"]

1.e4 c5 2.Nf3 d6 3.d4 cxd4 4.Nxd4 Nf6 5.Nc3 a6 6.Bg5 Nbd7 7.Bd3 e6 8.f4 h6
9.Bxf6 Nxf6 10.Qf3 Be7 11.O-O-O Qc7 12.Rhe1 Nd7 13.Nf5 Bf8 14.Nd5 exd5 15.
exd5+ Kd8 16.Re4 Nf6 17.Rc4 Qa5 18.g4 Qxa2 19.g5 Bxf5 20.gxf6 Rc8 21.Rxc8+
Bxc8 22.c3 Bd7 23.Qe3 gxf6 24.Qb6+ Kc8 25.Re1 Rg8 26.Re4 Qxd5 27.Rc4+ Bc6 
28.Bf1 Be7 29.Qa7 Kc7 30.Rb4 Qc5 0-1

[Event "Rewal 2011 - Open A"]
[Site "Rewal"]
[Date "2011.08.20"]
[Round "2.10"]
[White "Pacuszka, Tomasz"]
[Black "Janus, Przemyslaw"]
[Result "0-1"]
[WhiteElo "2289"]
[BlackElo "2134"]
[EventDate "2011.??.??"]
[PlyCount "130"]

1.c4 e5 2.g3 Nc6 3.Bg2 Bc5 4.Nc3 d6 5.d3 Nge7 6.Nf3 O-O 7.O-O Bf5 8.h3 Qd7
9.Kh2 Rae8 10.e4 Be6 11.Ng5 h6 12.Nxe6 fxe6 13.Be3 Bd4 14.Qd2 Ng6 15.Rab1 
a6 16.b4 Bxe3 17.Qxe3 Rf6 18.Ne2 Ref8 19.Kg1 Nge7 20.b5 axb5 21.cxb5 Na5 
22.d4 exd4 23.Qxd4 e5 24.Qd2 b6 25.Nc3 Nb7 26.Nd5 R6f7 27.f4 Nc5 28.f5 
Nxd5 29.Qxd5 Kh8 30.h4 Qd8 31.Qc4 Qa8 32.Qe2 Qa3 33.Rf3 Qa4 34.Re3 Ra8 35.
Rb2 Qd4 36.Rd2 Qb4 37.g4 Ra3 38.Rxa3 Qxa3 39.Kh2 Qc1 40.g5 Rf8 41.Qf2 Qc4 
42.Qe3 Kh7 43.Bf3 Qxb5 44.Bh5 Qf1 45.Kg3 Qh1 46.Rg2 Qb1 47.Bg6+ Kg8 48.Re2
Qd3 49.Kg4 Qxe3 50.Rxe3 Ra8 51.f6 Rxa2 52.gxh6 gxh6 53.Kh5 Rf2 54.Bf5 Kf7 
55.Rg3 Rf4 56.Rg7+ Kxf6 57.Rxc7 Nxe4 58.Bxe4 Rxe4 59.Rc6 Rd4 60.Rxb6 e4 
61.Kg4 Ke5 62.h5 Rd1 63.Rb8 Rg1+ 64.Kh3 e3 65.Re8+ Kd4 0-1

[Event "Rewal 2011 - Open A"]
[Site "Rewal"]
[Date "2011.08.20"]
[Round "2.12"]
[White "Cukrowski, Filip"]
[Black "Klekowski, Maciej"]
[Result "0-1"]
[WhiteElo "2113"]
[BlackElo "2248"]
[EventDate "2011.??.??"]
[PlyCount "96"]

1.e4 c5 2.Nf3 Nc6 3.d4 cxd4 4.Nxd4 Nf6 5.Nc3 e5 6.Ndb5 d6 7.Bg5 a6 8.Na3 
b5 9.Nd5 Be7 10.Bxf6 Bxf6 11.c4 b4 12.Nc2 a5 13.Be2 O-O 14.O-O Bg5 15.Qd3 
Be6 16.Rfd1 Qb8 17.b3 Qa7 18.Qg3 h6 19.a3 bxa3 20.Rxa3 f5 21.b4 fxe4 22.
Nc3 Bf4 23.Qg6 Qd7 24.Qxe4 Ne7 25.Bf3 Rac8 26.bxa5 Rxc4 27.Qd3 Rfc8 28.a6 
Bf5 29.Be4 Bxe4 30.Nxe4 Qa7 31.Ra2 d5 32.Ng3 e4 33.Qe2 R8c6 34.Ne3 Rb4 35.
Nxd5 Nxd5 36.Rxd5 Bxg3 37.hxg3 Rb1+ 38.Kh2 Rcc1 39.Rd8+ Kh7 40.Qxe4+ g6 
41.Kh3 h5 42.Kh4 Rb5 43.g4 Rh1+ 44.Kg3 Qc7+ 45.f4 Qxd8 46.a7 Qh4+ 47.Kf3 
Rb3+ 48.Qe3 hxg4+ 0-1

[Event "Rewal 2011 - Open A"]
[Site "Rewal"]
[Date "2011.08.20"]
[Round "2.13"]
[White "Wandzik, Wojciech"]
[Black "Licznerski, Lukasz"]
[Result "1-0"]
[WhiteElo "2239"]
[BlackElo "2122"]
[EventDate "2011.??.??"]
[PlyCount "91"]

1.e4 c6 2.d4 d5 3.Nc3 dxe4 4.Nxe4 Nd7 5.Bc4 Ngf6 6.Ng5 e6 7.Qe2 Nb6 8.Bd3 
c5 9.N1f3 h6 10.dxc5 Bxc5 11.Ne4 Nxe4 12.Qxe4 Qd5 13.Qg4 g5 14.O-O Be7 15.
Re1 h5 16.Qg3 f6 17.Bg6+ Kf8 18.Bxg5 fxg5 19.Rad1 h4 20.Nxh4 Rxh4 21.Rxd5 
Nxd5 22.Qf3+ Rf4 23.Qh3 Rh4 24.Qb3 Rb4 25.Qd3 Bf6 26.g3 Kg7 27.Bh5 Ne7 28.
Qd8 Rb6 29.Qe8 e5 30.Rd1 Kh6 31.Rd8 Rxb2 32.Rd6 Rb1+ 33.Bd1 Kg7 34.h4 gxh4
35.Kh2 hxg3+ 36.fxg3 Nf5 37.Bh5 Nxd6 38.Qg6+ Kh8 39.Qxf6+ Kg8 40.Qg6+ Kh8 
41.Qxd6 Rb6 42.Qf8+ Kh7 43.Bf3 Rh6+ 44.Kg1 Rg6 45.Be4 Bf5 46.Qxf5 1-0

[Event "Rewal 2011 - Open A"]
[Site "Rewal"]
[Date "2011.08.20"]
[Round "2.14"]
[White "Grygierczyk, Wojciech"]
[Black "Szymanski, Andrzej"]
[Result "0-1"]
[WhiteElo "2040"]
[BlackElo "2214"]
[EventDate "2011.??.??"]
[PlyCount "52"]

1.d4 f5 2.g3 Nf6 3.Bg2 g6 4.Nf3 Bg7 5.O-O O-O 6.b3 d6 7.Bb2 Qe8 8.c4 a5 9.
Nc3 Na6 10.d5 Bd7 11.Nd4 c6 12.e4 fxe4 13.Nxe4 Nxe4 14.Bxe4 c5 15.f4 cxd4 
16.Bxd4 Qf7 17.Re1 Bxd4+ 18.Qxd4 Qf6 19.Qd2 Nc5 20.Bg2 b5 21.cxb5 Bxb5 22.
Qe3 Ra7 23.Bh3 Bd7 24.Bf1 Bf5 25.Rac1 Rb8 26.Rc4 Rb4 0-1

[Event "Rewal 2011 - Open A"]
[Site "Rewal"]
[Date "2011.08.20"]
[Round "2.17"]
[White "Westerinen, Heikki M.j"]
[Black "Gajek, Radoslaw"]
[Result "1-0"]
[WhiteElo "2355"]
[BlackElo "2054"]
[EventDate "2011.??.??"]
[PlyCount "81"]

1.e4 c5 2.Nf3 e6 3.c3 Nf6 4.e5 Nd5 5.Bc4 d6 6.d4 cxd4 7.cxd4 Nb6 8.Bd3 Bd7
9.O-O Bc6 10.Nc3 N8d7 11.Bf4 dxe5 12.dxe5 Nc5 13.Bb5 Bxb5 14.Nxb5 Nd5 15.
Qd4 Qb6 16.Nd6+ Bxd6 17.exd6 O-O 18.Bg3 f6 19.Rac1 Nd7 20.Rfe1 Qxd4 21.
Nxd4 e5 22.Ne6 Rfc8 23.Nc7 Nxc7 24.dxc7 b6 25.Rc6 a5 26.f4 Ra7 27.fxe5 
fxe5 28.Rec1 Rb7 29.R1c2 Kf7 30.Kf1 h6 31.Ke2 h5 32.Ke3 Ke7 33.Bh4+ Kf7 
34.Rf2+ Kg8 35.Bd8 Nc5 36.Rd6 Na6 37.Rd7 Nxc7 38.Rf5 Nb5 39.Rxb7 Nd6 40.
Rf8+ Kxf8 41.Be7+ 1-0

[Event "Rewal 2011 - Open A"]
[Site "Rewal"]
[Date "2011.08.20"]
[Round "2.18"]
[White "Lewtak, Damian"]
[Black "Maljush, Andrej"]
[Result "1/2-1/2"]
[WhiteElo "2093"]
[BlackElo "2316"]
[EventDate "2011.??.??"]
[PlyCount "125"]

1.e4 g6 2.d4 Bg7 3.f4 d6 4.Nf3 Nf6 5.Nc3 c5 6.Bb5+ Bd7 7.Bxd7+ Nfxd7 8.Be3
O-O 9.Qd2 cxd4 10.Nxd4 Nc6 11.O-O-O Rc8 12.Nxc6 Rxc6 13.Ne2 Nc5 14.Bxc5 
Rxc5 15.Kb1 Qb6 16.c3 Rfc8 17.Rc1 Rc4 18.Qd3 Qc6 19.Ng3 b5 20.b3 Rxc3 21.
Rxc3 Qxc3 22.Qxc3 Rxc3 23.Rc1 Rxc1+ 24.Kxc1 Kf8 25.Kc2 Ke8 26.Nf1 Bd4 27.
Kd3 Bg1 28.h3 Kd7 29.g4 Kc6 30.f5 gxf5 31.gxf5 Kc5 32.Nd2 Bh2 33.Nf3 Bf4 
34.Nd4 Be5 35.Nc2 e6 36.fxe6 fxe6 37.Ke3 a5 38.Kd3 Bb2 39.Ne3 Bc1 40.Nc2 
e5 41.Ne1 Bf4 42.Nc2 d5 43.b4+ axb4 44.exd5 Kxd5 45.Nxb4+ Kc5 46.Nc2 Bg3 
47.Ne3 Kb4 48.Nc2+ Kc5 49.Ne3 Bf2 50.Ng4 Bg3 51.Ne3 h6 52.Nc2 Bf4 53.Na3 
Bg3 54.Nc2 h5 55.Na3 Bf4 56.Nc2 Kd5 57.Nb4+ Ke6 58.Ke4 Kf6 59.h4 Bg3 60.
Nd5+ Kf7 61.Nc7 Bxh4 62.Nxb5 Bg3 63.Nd6+ 1/2-1/2

[Event "Rewal 2011 - Open A"]
[Site "Rewal"]
[Date "2011.08.20"]
[Round "2.19"]
[White "Jaroch, Pawel"]
[Black "Wiewiora, Eneasz"]
[Result "0-1"]
[WhiteElo "2250"]
[BlackElo "2083"]
[EventDate "2011.??.??"]
[PlyCount "166"]

1.c4 e6 2.Nc3 d5 3.d4 Nf6 4.Nf3 Be7 5.g3 O-O 6.Bg2 dxc4 7.O-O c5 8.dxc5 
Qa5 9.Qd4 Nc6 10.Qxc4 Qxc5 11.Qxc5 Bxc5 12.a3 Rd8 13.b4 Be7 14.Bf4 Ne8 15.
Rfd1 f6 16.Rxd8 Nxd8 17.Nd2 Kf8 18.Nb3 Bd6 19.Rd1 Bxf4 20.gxf4 Ke7 21.Na5 
Rb8 22.Nb5 Bd7 23.Nd4 Nd6 24.Rc1 Rc8 25.Rxc8 Bxc8 26.Kf1 Bd7 27.Ke1 e5 28.
fxe5 fxe5 29.Nc2 b6 30.Nb3 Ba4 31.Nba1 Ne6 32.Bd5 Nf4 33.Bg8 Bb5 34.Bxh7 
Bxe2 35.Ne3 Bb5 36.Nf5+ Nxf5 37.Bxf5 Kf6 38.Be4 Nh3 39.Nc2 Ng5 40.Bg2 Bd3 
41.Ne3 e4 42.Kd2 Ke5 43.h4 Ne6 44.f3 Nf4 45.Bh1 Ng6 46.h5 Nf4 47.Ng4+ Kd4 
48.h6 e3+ 49.Nxe3 gxh6 50.Ng2 Ng6 51.Ne1 Bf5 52.Ng2 h5 53.Ne3 Bd3 54.Bg2 
Nf4 55.Bf1 Bxf1 56.Nxf1 h4 57.Ne3 h3 58.Ng4 b5 59.Nh2 a6 60.Ng4 Ng6 61.Kc2
Ne5 62.Nf2 h2 63.f4 Nd3 64.Nh1 Nxf4 65.Nf2 Nd5 66.Kd2 Ne3 67.Ke2 Ng4 68.
Nh1 Kc4 69.Kf3 Ne5+ 70.Kg2 Kb3 71.Kxh2 Kxa3 72.Kg3 Kxb4 73.Kf4 Nc4 74.Ke4 
a5 75.Nf2 Kc3 76.Kd5 a4 77.Ne4+ Kb4 78.Kd4 a3 79.Nc3 Kb3 80.Kd3 b4 81.Nb5 
a2 82.Nd4+ Kb2 83.Nc2 Ne5+ 0-1

[Event "Rewal 2011 - Open A"]
[Site "Rewal"]
[Date "2011.08.20"]
[Round "2.21"]
[White "Sowul, Bartosz"]
[Black "Krupa, Krzysztof"]
[Result "1-0"]
[WhiteElo "2208"]
[BlackElo "2035"]
[EventDate "2011.??.??"]
[PlyCount "75"]

1.e4 e5 2.Nf3 Nc6 3.d4 exd4 4.Nxd4 Bc5 5.Nxc6 Qf6 6.Qf3 Qxc6 7.Nc3 Nf6 8.
Bd2 O-O 9.O-O-O d6 10.h3 Be6 11.g4 a6 12.g5 Nd7 13.Nd5 Ne5 14.Qg2 Bxd5 15.
exd5 Qa4 16.Kb1 b5 17.Bc3 Qf4 18.Bxe5 dxe5 19.Bd3 g6 20.f3 Qb4 21.Be4 Bd4 
22.c3 Bxc3 23.a3 Qb3 24.Rd3 b4 25.axb4 Rab8 26.Rxc3 Qxb4 27.Qc2 Rfc8 28.h4
Rb6 29.Rc4 Qa5 30.Qc3 Qb5 31.Rh2 Rcb8 32.Rc2 a5 33.Rxc7 Qf1+ 34.Ka2 Qb5 
35.Qxe5 Qa4+ 36.Kb1 Rxb2+ 37.Rxb2 Qd1+ 38.Rc1 1-0

[Event "Rewal 2011 - Open A"]
[Site "Rewal"]
[Date "2011.08.20"]
[Round "2.22"]
[White "Miturova, Magdalena"]
[Black "Berlin, Tatiana"]
[Result "0-1"]
[WhiteElo "2072"]
[BlackElo "2206"]
[EventDate "2011.??.??"]
[PlyCount "52"]

1.e4 e5 2.Nf3 Nc6 3.Bc4 Nf6 4.d4 exd4 5.e5 d5 6.Bb5 Ne4 7.Nxd4 Bd7 8.Bxc6 
bxc6 9.O-O c5 10.Ne2 Bc6 11.f3 Ng5 12.Ng3 d4 13.c4 h5 14.f4 h4 15.fxg5 
hxg3 16.h3 Qd7 17.g6 Bxg2 18.e6 Qxe6 19.Rxf7 Rxh3 20.Kxg2 Rh2+ 21.Kxg3 
Bd6+ 22.Kf3 O-O-O 23.Bf4 Bxf4 24.Kxf4 Qe3+ 25.Kf5 Rf2+ 26.Kg4 Rg2+ 0-1

[Event "Rewal 2011 - Open A"]
[Site "Rewal"]
[Date "2011.08.20"]
[Round "2.24"]
[White "Motyl, Tomasz"]
[Black "Smola, Michal"]
[Result "1-0"]
[WhiteElo "2027"]
[BlackElo "2187"]
[EventDate "2011.??.??"]
[PlyCount "119"]

1.g3 Nf6 2.Bg2 g6 3.e4 d6 4.d4 Bg7 5.Nc3 O-O 6.Bg5 Nbd7 7.Nf3 c5 8.O-O 
cxd4 9.Nxd4 a6 10.Qe2 Qa5 11.Nf3 Rb8 12.Rfe1 Re8 13.e5 dxe5 14.Nxe5 Nxe5 
15.Qxe5 Qxe5 16.Rxe5 Bf5 17.Rae1 Kf8 18.Bf4 Rbc8 19.Bxb7 Rb8 20.Bc6 Rec8 
21.Rxf5 gxf5 22.Bxb8 Rxb8 23.Ba4 Ne4 24.Nxe4 fxe4 25.b3 Rc8 26.c4 Rd8 27.
Rxe4 Rd2 28.c5 Bd4 29.c6 Bxf2+ 30.Kf1 Bb6 31.Rb4 Ba5 32.Rb8+ Kg7 33.b4 Bc7
34.Rb7 Rxa2 35.Bd1 Ra1 36.Ke2 Be5 37.Bc2 Ra3 38.Rxe7 Kf6 39.Ra7 Rc3 40.Ba4
Kf5 41.Rxa6 Ke4 42.b5 h5 43.b6 h4 44.Ra8 Re3+ 45.Kd2 Rd3+ 46.Kc2 Rc3+ 47.
Kb1 hxg3 48.hxg3 Rc4 49.b7 Rb4+ 50.Kc2 Bxg3 51.Bb3 Rb6 52.Rc8 Be5 53.Bxf7 
Rb2+ 54.Kc1 Kd3 55.Rd8+ Kc3 56.Rd5 Bf4+ 57.Kd1 Rf2 58.Rc5+ Kd3 59.Bg6+ Ke3
60.c7 1-0

[Event "Rewal 2011 - Open A"]
[Site "Rewal"]
[Date "2011.08.20"]
[Round "2.27"]
[White "Ziebinski, Bartosz"]
[Black "Nasuta, Grzegorz"]
[Result "0-1"]
[WhiteElo "2003"]
[BlackElo "2237"]
[EventDate "2011.??.??"]
[PlyCount "56"]

1.e4 c5 2.f4 Nc6 3.Nf3 g6 4.Nc3 Bg7 5.Bc4 e6 6.O-O Nge7 7.Qe1 O-O 8.d3 d5 
9.Bb3 Rb8 10.f5 dxe4 11.dxe4 gxf5 12.Qh4 Ng6 13.Qh5 Nd4 14.Ng5 h6 15.exf5 
Nxf5 16.Nxe6 Bxe6 17.Bxe6 fxe6 18.Qxg6 Qd4+ 19.Be3 Qxe3+ 20.Kh1 Rbe8 21.
Qg4 Qg5 22.Qe4 Rf7 23.Rf3 Qh4 24.Qd3 c4 25.Qd2 Rd8 26.Qc1 Rfd7 27.Rf1 Rd2 
28.Re1 Bxc3 0-1

[Event "Rewal 2011 - Open A"]
[Site "Rewal"]
[Date "2011.08.20"]
[Round "2.28"]
[White "Leczycki, Pawel"]
[Black "Sliwerski, Radoslaw"]
[Result "1-0"]
[WhiteElo "2002"]
[BlackElo "2174"]
[EventDate "2011.??.??"]
[PlyCount "113"]

1.d4 Nf6 2.c4 e6 3.Nf3 b6 4.Nc3 Bb7 5.Qc2 Bb4 6.Bd2 O-O 7.e3 d5 8.a3 Be7 
9.Bd3 dxc4 10.Bxc4 c5 11.dxc5 Bxc5 12.O-O Nbd7 13.Rfd1 a6 14.Rac1 Qc7 15.
Be2 Rac8 16.Qa4 b5 17.Qh4 Qb8 18.b4 Bd6 19.a4 bxa4 20.Nxa4 Bc6 21.Nc5 Bxc5
22.bxc5 Bb5 23.Bxb5 Qxb5 24.Nd4 Qa4 25.Ra1 Qc4 26.Rdc1 Qd5 27.c6 e5 28.
cxd7 Rxc1+ 29.Bxc1 exd4 30.Qxd4 Qxd7 31.Qxd7 Nxd7 32.Rxa6 Nc5 33.Rc6 Rd8 
34.Kf1 Nd3 35.Ba3 f6 36.Rd6 Rxd6 37.Bxd6 Kf7 38.Ke2 Nb2 39.Bc7 Ke6 40.g4 
Kd5 41.f3 Na4 42.Bb8 Nc5 43.Ba7 Ne6 44.e4+ Kc4 45.Ke3 Kc3 46.h4 Kc4 47.f4 
Kc3 48.f5 Nf8 49.Bd4+ Kc4 50.e5 fxe5 51.Bxe5 g6 52.Bg7 Nd7 53.f6 Ne5 54.
Ke4 Nf7 55.Bf8 h6 56.Be7 h5 57.g5 1-0

[Event "Rewal 2011 - Open A"]
[Site "Rewal"]
[Date "2011.08.20"]
[Round "2.29"]
[White "Tomaszewska, Luiza"]
[Black "Dowgird, Filip"]
[Result "0-1"]
[WhiteElo "1993"]
[BlackElo "2110"]
[EventDate "2011.??.??"]
[PlyCount "118"]

1.e4 e6 2.d3 d5 3.exd5 exd5 4.d4 Nc6 5.Bb5 Bd6 6.Nc3 Ne7 7.Nge2 O-O 8.Bg5 
f6 9.Be3 Na5 10.f3 c6 11.Bd3 Nf5 12.Bf2 Qc7 13.g4 Ne7 14.Qd2 f5 15.gxf5 
Bxf5 16.O-O-O Bxd3 17.cxd3 Rxf3 18.Bg3 b6 19.Qg5 Raf8 20.Qg4 Qc8 21.Qh5 
Qf5 22.Qxf5 Nxf5 23.Be5 Re3 24.Bxd6 Nxd6 25.Kd2 Rh3 26.b4 Nab7 27.b5 cxb5 
28.Nxd5 Rf2 29.Rc1 Rhxh2 30.Rxh2 Rxh2 31.Rc7 Rf2 32.Nf4 g5 33.Ne6 Rf7 34.
Rxf7 Nxf7 35.Ng3 h6 36.Nf5 Nbd6 37.Nxh6+ Nxh6 38.Nxg5 Kf8 39.Kc3 Ke7 40.d5
Nhf5 41.Ne6 Kd7 42.a3 a5 43.Kb3 Ne3 44.Nf4 Ndf5 45.Kc3 Kd6 46.Kb3 Nxd5 47.
Ne2 Kc5 48.Kb2 Nfe3 49.Kb3 Ng2 50.d4+ Kc6 51.a4 b4 52.Ng3 Nge3 53.Ne4 Nc3 
54.Nf6 Ne2 55.d5+ Nxd5 56.Ne4 Ne3 57.Nf6 Nd4+ 58.Kb2 Nc4+ 59.Ka2 b3+ 0-1

[Event "Rewal 2011 - Open A"]
[Site "Rewal"]
[Date "2011.08.20"]
[Round "2.30"]
[White "Zielinski, Wojciech"]
[Black "Andrzejewska, Anna"]
[Result "1-0"]
[WhiteElo "2097"]
[BlackElo "1987"]
[EventDate "2011.??.??"]
[PlyCount "53"]

1.b3 e5 2.Bb2 Nc6 3.e3 Nf6 4.Nf3 d6 5.d4 exd4 6.Nxd4 Nxd4 7.Bxd4 Be7 8.Bd3
O-O 9.O-O c5 10.Bb2 d5 11.Nd2 Be6 12.Rc1 Rc8 13.c4 Qd7 14.Qe2 Rfd8 15.Rfd1
b6 16.Bb1 Qb7 17.cxd5 Bxd5 18.e4 Be6 19.h3 b5 20.f4 Qb6 21.Kh1 a5 22.f5 
Bd7 23.e5 Ne8 24.f6 gxf6 25.Rc3 f5 26.Rg3+ Ng7 27.e6 1-0

[Event "Rewal 2011 - Open A"]
[Site "Rewal"]
[Date "2011.08.20"]
[Round "2.31"]
[White "Zochowski, Kacper"]
[Black "Zakrzewski, Marek"]
[Result "1-0"]
[WhiteElo "1954"]
[BlackElo "2097"]
[EventDate "2011.??.??"]
[PlyCount "71"]

1.e4 e5 2.Nf3 Nc6 3.Bb5 f5 4.Bxc6 dxc6 5.Nc3 Nf6 6.exf5 e4 7.Qe2 Qe7 8.Nh4
Bd7 9.b3 O-O-O 10.Bb2 Nd5 11.g3 Nxc3 12.Bxc3 Qf7 13.O-O Re8 14.Rae1 Rg8 
15.Qe3 b6 16.a4 g5 17.fxg6 hxg6 18.a5 Bh3 19.Ng2 Bc5 20.d4 Bd6 21.f4 Qd5 
22.axb6 axb6 23.Rf2 Qh5 24.Qe2 Bg4 25.Qa6+ Kd7 26.Ne3 Bf3 27.Qc4 g5 28.d5 
c5 29.Qa4+ Ke7 30.Nf5+ Kf8 31.Qd7 Be7 32.Qxc7 Rg6 33.d6 Bd8 34.Qd7 gxf4 
35.Bg7+ Kg8 36.Qxe8+ 1-0

[Event "Rewal 2011 - Open A"]
[Site "Rewal"]
[Date "2011.08.20"]
[Round "2.32"]
[White "Kubica, Kamil"]
[Black "Zmarzly, Aleksandra"]
[Result "1-0"]
[WhiteElo "1941"]
[BlackElo "2094"]
[EventDate "2011.??.??"]
[PlyCount "57"]

1.d4 Nf6 2.c4 e6 3.Nc3 Bb4 4.Qc2 O-O 5.a3 Bxc3+ 6.Qxc3 d5 7.Bg5 Nbd7 8.Nf3
h6 9.Bh4 c6 10.e3 g5 11.Bg3 Ne4 12.Qc2 f5 13.Bd3 Qe7 14.Bxe4 dxe4 15.Ne5 
Qh7 16.Nxd7 Bxd7 17.Bd6 Rf7 18.h4 Qg6 19.O-O-O b5 20.c5 a5 21.Rdg1 Bc8 22.
hxg5 hxg5 23.Be5 Rh7 24.Rxh7 Qxh7 25.Qd1 b4 26.Rh1 Qg6 27.Rh8+ Kf7 28.Qh1 
b3 29.Bd6 1-0